000 00481nam a2200157Ia 4500
003 GCL
008 140319s9999 xx 000 0 ara d
040 _aGCL /
_cGCL
082 0 4 _a923.6
_bس و
100 1 _aسميح حموده
245 1 0 _aالوعى والثورة دراسة فى حياة وجهاد الشيخ عزالدين القسام 1828 - 1935 م /
_cسميح حموده
300 _a235 ص
490 _a
650 0 4 _aعزالدين القسام
942 _2ddc
_cBK
999 _c46566
_d46566